| 000 | 02777cam a22005414i 4500 | ||
|---|---|---|---|
| 003 | PE-LiUPU | ||
| 005 | 20250731165602.0 | ||
| 008 | 150625s r 000 0 d | ||
| 020 | _a9876010166 | ||
| 035 | _a(Sirsi) i9789876010160 | ||
| 040 |
_aPE-LiUPU _bspa _cPE-LiUPU _erda |
||
| 049 | _aPRUA | ||
| 082 | 0 | 4 |
_a070.4 _bA34 _221 |
| 100 | 1 |
_aAlbornoz, Luis A., _eautor. |
|
| 245 | 1 | 0 |
_aPeriodismo digital : _blos grandes diarios en la red / _cLuis A. Albornoz. |
| 264 | 1 |
_aBuenos Aires : _bLa Crujía, _c2006. |
|
| 300 |
_a298 páginas ; _c20 centímetros |
||
| 336 |
_atext _2rdacontent |
||
| 337 |
_aunmediated _2rdamedia |
||
| 338 |
_avolume _2rdacarrier |
||
| 490 | 0 | _aInclusiones: Categorías | |
| 504 | _aIncluye bibliografía. | ||
| 505 | 0 | _aDiarios digitales de referencia. -Un inquietante panorama. -La prensa diaria: una industria cultural. -La prensa impresa hoy. -La prensa impresa como mercancía cultural. -La lógica de la prensa impresa. -La prensa diaria en Internet. -Primeros pasos en la Web. -Un crecimiento exponencial. -La búsqueda de un nuevo producto periodístico. -El modelo de negocio de la prensa online. -La lógica de la prensa online. -Los diarios impresos en Iberoaméricana. -Los países hispanoamericanos. -El caso español. -Una incierta proyección. -Los diarios online en Iberoamérica. -Un contexto restrictivo. -Crecimiento de los diarios online. -Los grandes diarios online. -Características de los diarios online. -Reflexiones finales. | |
| 526 | _aSEG44 | ||
| 526 | _aSEG26 | ||
| 526 | _aP151 | ||
| 526 | _aP150 | ||
| 526 | _aP149 | ||
| 526 | _aP146 | ||
| 526 | _aP145 | ||
| 526 | _aP126 | ||
| 526 | _aP125 | ||
| 526 | _aP92 | ||
| 526 | _aP75 | ||
| 526 | _aP74 | ||
| 526 | _aP27 | ||
| 526 | _aP15 | ||
| 541 | _g001-0029256; | ||
| 541 | _g001-0028290; | ||
| 650 | 0 | 4 |
_aPeriodismo _xTecnología. |
| 942 |
_2ddc _cBOOK |
||
| 949 |
_a070.4 A34 _wDEWEY _c1 _i59184 _lCCODEBUL1 _mBUL _p15.00 _r0 _sY _tBOOK _u2015-6-25 _xEDUCACION _PP07 _0COMPRA _o.STAFF. Colección General |
||
| 949 |
_a070.4 A34 _wDEWEY _c2 _i58287 _lCCODEBUL1 _mBUL _p22.00 _r0 _sY _tBOOK _u2015-6-25 _xEDUCACION _PP20 _0COMPRA _o.STAFF. Colección General |
||
| 994 |
_aC0 _bPEPRU |
||
| 596 | _a1 | ||
| 999 |
_a070.4 A34 _wDEWEY _c47228 _i59184 _e2017-4-16 _f2021-11-8 _g5 _lCCODEBUL1 _mBUL _n6 _p15.00 _r0 _sY _tBOOK _u2015-6-25 _xEDUCACION _PP07 _0COMPRA _o.STAFF. Colección General _d47228 |
||
| 999 |
_a070.4 A34 _wDEWEY _c2 _i58287 _d2017-8-31 _e2017-8-28 _f2021-11-8 _g5 _lCCODEBUL1 _mBUL _n4 _p22.00 _r0 _sY _tBOOK _u2015-6-25 _xEDUCACION _PP20 _0COMPRA _o.STAFF. Colección General |
||
| 980 |
_81 _gALBERTO SANCHEZ Responsable de Automatización |
||